[Event "HUN-chT2 Toth 1819"]
[Site "Hungary"]
[Date "2019.03.10"]
[Round "9.7"]
[White "Solymosi, Ferenc"]
[Black "Balla, Tibor"]
[Result "1/2-1/2"]
[WhiteElo "1955"]
[BlackElo "2047"]
[PlyCount "49"]
[EventDate "2018.09.23"]
[EventType "team-tourn"]
[EventRounds "11"]
[EventCountry "HUN"]
[SourceTitle "EXT 2021"]
[Source "ChessBase"]
[SourceDate "2020.10.23"]
[SourceVersion "1"]
[SourceVersionDate "2020.10.23"]
[SourceQuality "1"]
[WhiteTeam "Gyula"]
[BlackTeam "Szeged Meritum"]
[WhiteTeamCountry "HUN"]
[BlackTeamCountry "HUN"]

1. g3 Nf6 2. Bg2 d5 3. Nf3 c5 4. c4 e6 5. 0-0 Nc6 6. d3 Be7 7. Nbd2 0-0 8. e4 d4 9. h3 e5 10. Ne1 g6 11. f4 Nh5 12. Rf3 exf4 13. gxf4 Bh4 14. Nf1 Bd7 15. Bd2 a5 16. a3 Qc7 17. Nc2 a4 18. Qc1 Rfb8 19. Be1 Bxe1 20. Nxe1 Na5 21. Qc2 Nb3 22. Rd1 f5 23. e5 Bc6 24. Rf2 Bxg2 25. Nxg2 1/2-1/2

[Event "HUN-chT2 Toth 1819"]
[Site "Hungary"]
[Date "2019.02.10"]
[Round "7.4"]
[White "Molnar, Laszlo"]
[Black "Solymosi, Ferenc"]
[Result "1/2-1/2"]
[WhiteElo "2155"]
[BlackElo "1955"]
[PlyCount "42"]
[EventDate "2018.09.23"]
[EventType "team-tourn"]
[EventRounds "11"]
[EventCountry "HUN"]
[SourceTitle "EXT 2021"]
[Source "ChessBase"]
[SourceDate "2020.10.23"]
[SourceVersion "1"]
[SourceVersionDate "2020.10.23"]
[SourceQuality "1"]
[WhiteTeam "Ujszasz"]
[BlackTeam "Gyula"]
[WhiteTeamCountry "HUN"]
[BlackTeamCountry "HUN"]

1. Nf3 Nf6 2. g3 g6 3. Bg2 Bg7 4. 0-0 c5 5. c4 0-0 6. Nc3 d6 7. d4 Nbd7 8. h3 e5 9. dxc5 dxc5 10. Be3 Qe7 11. Rc1 Rb8 12. Nb5 a6 13. Qd6 Re8 14. Qxe7 Rxe7 15. Nd6 b6 16. Rfd1 Nf8 17. Nxc8 Rxc8 18. Rd6 Rb8 19. Rcd1 e4 20. Ne1 Ne8 21. Rc6 f5 1/2-1/2

[Event "HUN-chT2 Toth 1819"]
[Site "Hungary"]
[Date "2018.10.07"]
[Round "2.7"]
[White "Hideg, Ferenc Bendeguz"]
[Black "Solymosi, Ferenc"]
[Result "1-0"]
[WhiteElo "1755"]
[BlackElo "1955"]
[PlyCount "75"]
[EventDate "2018.09.23"]
[EventType "team-tourn"]
[EventRounds "11"]
[EventCountry "HUN"]
[SourceTitle "EXT 2021"]
[Source "ChessBase"]
[SourceDate "2020.10.23"]
[SourceVersion "1"]
[SourceVersionDate "2020.10.23"]
[SourceQuality "1"]
[WhiteTeam "Felegyhaza Csongrad"]
[BlackTeam "Gyula"]
[WhiteTeamCountry "HUN"]
[BlackTeamCountry "HUN"]

1. d4 c5 2. d5 g6 3. c4 Bg7 4. Qc2 d6 5. Nc3 e6 6. e4 exd5 7. cxd5 f5 8. Bb5+ Kf7 9. Nf3 h6 10. 0-0 Ne7 11. Bd3 Rf8 12. Re1 Kg8 13. Bd2 Na6 14. Bxa6 bxa6 15. e5 Bb7 16. exd6 Qxd6 17. Re6 Qd7 18. Rae1 Nxd5 19. Nxd5 Qxd5 20. Rxg6 Rf6 21. Rxg7+ Kxg7 22. Bc3 Rd8 23. Bxf6+ Kxf6 24. Qe2 Qe4 25. Qf1 Qd3 26. Rc1 Bxf3 27. Qxd3 Rxd3 28. gxf3 Rd2 29. Rxc5 Kg5 30. Rc6 a5 31. Ra6 Rxb2 32. Rxa5 Kf4 33. Kg2 Rb7 34. Ra4+ Kg5 35. Kg3 h5 36. f4+ Kg6 37. Ra6+ Kg7 38. Kh4 1-0

[Event "HUN-chT2 Toth 1617"]
[Site "Hungary"]
[Date "2017.03.12"]
[Round "10.10"]
[White "Solymosi, Ferenc"]
[Black "Moczo, Istvan"]
[Result "1/2-1/2"]
[WhiteElo "1952"]
[BlackElo "1888"]
[PlyCount "61"]
[EventDate "2016.09.25"]
[EventType "team-tourn"]
[EventRounds "11"]
[EventCountry "HUN"]
[SourceTitle "EXT 2021"]
[Source "ChessBase"]
[SourceDate "2020.10.23"]
[SourceVersion "1"]
[SourceVersionDate "2020.10.23"]
[SourceQuality "1"]
[WhiteTeam "Gyula"]
[BlackTeam "Kecskemet Takisz"]
[WhiteTeamCountry "HUN"]
[BlackTeamCountry "HUN"]

1. d4 d5 2. g3 g6 3. Bg2 Bg7 4. Nf3 Nf6 5. 0-0 0-0 6. b3 b6 7. Bb2 Bb7 8. Nbd2 e6 9. c4 dxc4 10. Nxc4 Nbd7 11. Rc1 c5 12. Nd6 Bxf3 13. Bxf3 Rb8 14. Ba3 b5 15. Nb7 Qb6 16. Nxc5 Rfd8 17. Nxd7 Nxd7 18. e3 b4 19. Bb2 Qa6 20. Ra1 Rbc8 21. Be2 Qa5 22. Qd2 Qb6 23. Rac1 Nf6 24. Rxc8 Rxc8 25. Rc1 Rxc1+ 26. Qxc1 Bf8 27. Qc2 Qa5 28. Bc1 Nd5 29. Bd2 Nc3 30. Bc4 Nxa2 31. Kg2 1/2-1/2

[Event "HUN-chT2 Toth 1617"]
[Site "Hungary"]
[Date "2016.12.11"]
[Round "6.9"]
[White "Papp, Zoltan"]
[Black "Solymosi, Ferenc"]
[Result "0-1"]
[WhiteElo "1847"]
[BlackElo "1952"]
[PlyCount "112"]
[EventDate "2016.09.25"]
[EventType "team-tourn"]
[EventRounds "11"]
[EventCountry "HUN"]
[SourceTitle "EXT 2021"]
[Source "ChessBase"]
[SourceDate "2020.10.23"]
[SourceVersion "1"]
[SourceVersionDate "2020.10.23"]
[SourceQuality "1"]
[WhiteTeam "Kecskemet Toth Laszlo II"]
[BlackTeam "Gyula"]
[WhiteTeamCountry "HUN"]
[BlackTeamCountry "HUN"]

1. d4 c5 2. e3 Nf6 3. c3 Qc7 4. f4 d6 5. Nf3 b6 6. Bd3 Bb7 7. 0-0 g6 8. Bd2 Bg7 9. Be1 0-0 10. Nbd2 Nbd7 11. Bg3 e6 12. Qe2 Nh5 13. Bh4 Nhf6 14. Rae1 Rae8 15. Qf2 Ng4 16. Qg3 f5 17. h3 Ngf6 18. Qh2 Ne4 19. g4 Ndf6 20. g5 Nxd2 21. Nxd2 Nd7 22. Bf2 e5 23. fxe5 dxe5 24. Bb5 a6 25. Ba4 b5 26. Bb3+ Kh8 27. h4 Qd8 28. a4 Qe7 29. axb5 axb5 30. Bd1 Nb6 31. dxc5 Qxc5 32. h5 gxh5 33. Bxh5 Qc6 34. Bxe8 Rxe8 35. e4 f4 36. Bxb6 Qxb6+ 37. Qf2 Qe6 38. Qg2 Bf8 39. b4 Be7 40. Kf2 Rd8 41. Ke2 Qd6 42. Nf3 Qd3+ 43. Kf2 Bxe4 44. Kg1 Rg8 45. Rxe4 Qxe4 46. Re1 Qxe1+ 47. Nxe1 Rxg5 48. Nd3 Rxg2+ 49. Kxg2 Bd6 50. Nc5 Kg7 51. Ne4 Be7 52. Kf3 Kg6 53. Nc5 Kf5 54. Ne4 h5 55. Nf2 h4 56. Kg2 e4 0-1

[Event "HUN-chT2 Toth 1516"]
[Site "Hungary"]
[Date "2015.12.06"]
[Round "6.4"]
[White "Solymosi, Ferenc"]
[Black "Biro, Istvan"]
[Result "1/2-1/2"]
[WhiteElo "1983"]
[BlackElo "2029"]
[PlyCount "58"]
[EventDate "2015.09.13"]
[EventType "team-tourn"]
[EventRounds "11"]
[EventCountry "HUN"]
[SourceTitle "CBM 170 Extra"]
[Source "ChessBase"]
[SourceDate "2016.02.25"]
[SourceVersion "1"]
[SourceVersionDate "2016.02.25"]
[SourceQuality "1"]
[WhiteTeam "Gyula"]
[BlackTeam "Oroshaza"]
[WhiteTeamCountry "HUN"]
[BlackTeamCountry "HUN"]

1. Nf3 Nf6 2. d4 d5 3. c4 e6 4. g3 Be7 5. Bg2 0-0 6. 0-0 dxc4 7. Qa4 a6 8. Qxc4 b5 9. Qc2 Bb7 10. Nc3 Nbd7 11. b3 c5 12. dxc5 Bxc5 13. Bb2 Rc8 14. Qd2 Qe7 15. Rac1 Rfd8 16. Rfd1 Ne5 17. Qg5 Nxf3+ 18. exf3 Ba3 19. Rxd8+ Rxd8 20. Bxa3 Qxa3 21. Ne4 Qe7 22. Nxf6+ Qxf6 23. Qxf6 gxf6 24. f4 Bxg2 25. Kxg2 Rd2 26. a4 Rd4 27. axb5 axb5 28. Re1 Kf8 29. Kf3 Rd3+ 1/2-1/2

[Event "HUN-chT2 Toth 1415"]
[Site "Hungary"]
[Date "2015.04.26"]
[Round "11.7"]
[White "Solymosi, Ferenc"]
[Black "Tornyai, Jeno"]
[Result "0-1"]
[WhiteElo "2011"]
[BlackElo "1922"]
[PlyCount "68"]
[EventDate "2014.09.07"]
[EventType "team-tourn"]
[EventRounds "11"]
[EventCountry "HUN"]
[SourceTitle "EXT 2016"]
[Source "ChessBase"]
[SourceDate "2015.10.08"]
[SourceVersion "1"]
[SourceVersionDate "2015.10.08"]
[SourceQuality "1"]
[WhiteTeam "Gyula"]
[BlackTeam "Maroczy II"]
[WhiteTeamCountry "HUN"]
[BlackTeamCountry "HUN"]

1. d4 d5 2. Nf3 Nf6 3. c4 e6 4. g3 dxc4 5. Bg2 Nbd7 6. Qa4 a6 7. Qxc4 b5 8. Qb3 Bb7 9. 0-0 c5 10. a4 b4 11. Rd1 Bd5 12. Qd3 c4 13. Qc2 Rc8 14. Bf4 Qb6 15. Nbd2 b3 16. Qc1 Bb4 17. Nb1 0-0 18. Nc3 Bxc3 19. Qxc3 Ne4 20. Qe1 c3 21. Rdb1 c2 22. Rc1 Nc3 23. Ra3 Na2 24. Ra1 Qc6 25. Bc1 Nb6 26. Nh4 Qc4 27. Bxd5 exd5 28. a5 Na4 29. Nf3 Nxc1 30. Qxc1 Nxb2 31. Nd2 Qxe2 32. Nxb3 Nd3 33. Qg5 Qxf2+ 34. Kh1 c1Q+ 0-1

[Event "HUN-chT2 Toth 1112"]
[Site "Hungary"]
[Date "2012.02.19"]
[Round "6.7"]
[White "Palicska, Janos"]
[Black "Solymosi, Ferenc"]
[Result "1/2-1/2"]
[WhiteElo "1968"]
[BlackElo "2019"]
[PlyCount "82"]
[EventDate "2011.09.25"]
[EventType "team-tourn"]
[EventRounds "11"]
[EventCountry "HUN"]
[SourceTitle "EXT 2013"]
[Source "ChessBase"]
[SourceDate "2012.11.22"]
[SourceVersion "1"]
[SourceVersionDate "2012.11.22"]
[SourceQuality "1"]
[WhiteTeam "Mezobereny"]
[BlackTeam "Gyula"]
[WhiteTeamCountry "HUN"]
[BlackTeamCountry "HUN"]

1. c4 g6 2. Nc3 Bg7 3. d4 Nf6 4. Nf3 0-0 5. e4 d6 6. Be2 e5 7. d5 Nbd7 8. 0-0 Ne8 9. Rb1 f5 10. exf5 gxf5 11. Bg5 Bf6 12. Qd2 Kh8 13. h4 Rg8 14. g3 Nf8 15. Kh2 Qd7 16. Bxf6+ Nxf6 17. Ng5 h6 18. Ne6 Qh7 19. Nxf8 Rxf8 20. f4 Qg7 21. Rg1 Bd7 22. Rbe1 a6 23. a3 Rae8 24. b4 Re7 25. Bd1 Rfe8 26. fxe5 Rxe5 27. Rxe5 Rxe5 28. Rg2 Kh7 29. Bf3 Ng4+ 30. Bxg4 Qxg4 31. Qf4 Qxf4 32. gxf4 Re3 33. Rg3 Re1 34. Kg2 Be8 35. Kf2 Rc1 36. Re3 Bh5 37. c5 Rc2+ 38. Kg3 Bg4 39. cxd6 cxd6 40. Ne4 fxe4 41. Kxg4 Rd2 1/2-1/2

[Event "HUN-chT2 Toth 1112"]
[Site "Hungary"]
[Date "2011.09.25"]
[Round "1.9"]
[White "Rakhely, Marcell Matyas"]
[Black "Solymosi, Ferenc"]
[Result "1/2-1/2"]
[WhiteElo "1915"]
[BlackElo "2019"]
[PlyCount "88"]
[EventDate "2011.09.25"]
[EventType "team-tourn"]
[EventRounds "11"]
[EventCountry "HUN"]
[SourceTitle "EXT 2013"]
[Source "ChessBase"]
[SourceDate "2012.11.22"]
[SourceVersion "1"]
[SourceVersionDate "2012.11.22"]
[SourceQuality "1"]
[WhiteTeam "Maroczy II"]
[BlackTeam "Gyula"]
[WhiteTeamCountry "HUN"]
[BlackTeamCountry "HUN"]

1. e4 c6 2. d4 d5 3. Nc3 dxe4 4. Nxe4 Nd7 5. Nf3 Ngf6 6. Nxf6+ Nxf6 7. Bd3 Bg4 8. c3 e6 9. Bg5 Be7 10. Qe2 Qa5 11. Qe5 Qb6 12. 0-0-0 0-0-0 13. Bxf6 Bxf6 14. Qg3 Bh5 15. Kb1 Rd5 16. Rde1 Bxf3 17. Qxf3 c5 18. Be4 Rd6 19. dxc5 Qxc5 20. Bxb7+ Kb8 21. Be4 Rb6 22. Rc1 Rc8 23. Rc2 h6 24. Rd1 Qb5 25. Ka1 Qa4 26. Rcd2 Qb5 27. Qf4+ e5 28. Qf3 Bg5 29. Rc2 Rc7 30. g3 Bf6 31. Qe2 Qa4 32. Rcd2 g6 33. Qg4 Qe8 34. Rd6 Rxd6 35. Rxd6 Be7 36. Qd1 Bxd6 37. Qxd6 Qe7 38. Qd5 Kc8 39. a3 Qc5 40. Qd2 f5 41. Bd5 g5 42. Be6+ Kb7 43. Bxf5 Kb6 44. Be4 Rg7 1/2-1/2

[Event "HUN-chT2 Toth 1011"]
[Site "Hungary"]
[Date "2010.10.10"]
[Round "3.8"]
[White "Vass, Laszlo"]
[Black "Solymosi, Ferenc"]
[Result "1/2-1/2"]
[WhiteElo "1789"]
[BlackElo "2031"]
[PlyCount "91"]
[EventDate "2010.09.12"]
[EventType "team-tourn"]
[EventRounds "11"]
[EventCountry "HUN"]
[SourceTitle "EXT 2012"]
[Source "ChessBase"]
[SourceDate "2011.11.24"]
[SourceVersion "1"]
[SourceVersionDate "2011.11.24"]
[SourceQuality "1"]
[WhiteTeam "Nadudvar"]
[BlackTeam "Gyula"]
[WhiteTeamCountry "HUN"]
[BlackTeamCountry "HUN"]

1. e4 c6 2. d4 d5 3. exd5 cxd5 4. Bd3 Nc6 5. c3 g6 6. f4 Nf6 7. Nf3 Bg7 8. 0-0 0-0 9. Ne5 Bf5 10. Bxf5 gxf5 11. Be3 e6 12. Nd2 Ne7 13. Rf3 Ng6 14. Qe1 Qe7 15. Bf2 Ne4 16. Qe3 Bh6 17. Nxg6 hxg6 18. Rh3 Kg7 19. Bh4 f6 20. Nxe4 fxe4 21. g4 g5 22. Bg3 Rh8 23. Rf1 gxf4 24. Bxf4 Bxf4 25. Rxf4 Rxh3 26. Qxh3 Rh8 27. Qg3 Rh6 28. g5 fxg5 29. Rg4 Kg6 30. h4 Rh5 31. Kf2 Kh6 32. Ke3 Kg6 33. hxg5 Rxg5 34. Rxg5+ Qxg5+ 35. Qxg5+ Kxg5 36. c4 Kf6 37. c5 Ke7 38. b4 Kd7 39. a4 Kc7 40. b5 a6 41. Kf4 Kd7 42. Ke3 axb5 43. axb5 Kc7 44. Kf4 b6 45. c6 Kd6 46. Ke3 1/2-1/2

[Event "HUN-chT2 Toth 1011"]
[Site "Hungary"]
[Date "2010.09.26"]
[Round "2.7"]
[White "Babinszki, Janos"]
[Black "Solymosi, Ferenc"]
[Result "1/2-1/2"]
[WhiteElo "1844"]
[BlackElo "2031"]
[PlyCount "70"]
[EventDate "2010.09.12"]
[EventType "team-tourn"]
[EventRounds "11"]
[EventCountry "HUN"]
[SourceTitle "EXT 2012"]
[Source "ChessBase"]
[SourceDate "2011.11.24"]
[SourceVersion "1"]
[SourceVersionDate "2011.11.24"]
[SourceQuality "1"]
[WhiteTeam "Mezobereny"]
[BlackTeam "Gyula"]
[WhiteTeamCountry "HUN"]
[BlackTeamCountry "HUN"]

1. d4 Nf6 2. c4 g6 3. Nc3 Bg7 4. e4 d6 5. Be2 0-0 6. Nf3 e5 7. d5 Nbd7 8. 0-0 Nc5 9. Qc2 a5 10. Be3 Ng4 11. Bxc5 dxc5 12. h3 Nh6 13. Bd3 f5 14. a4 b6 15. Rae1 f4 16. Rd1 g5 17. Nh2 Nf7 18. Be2 Nd6 19. Nb5 Kh8 20. Rd2 Rg8 21. Bh5 Bd7 22. b3 Be8 23. Bf3 Qe7 24. Qd1 Bg6 25. Re1 Qf7 26. Ra2 Rad8 27. Rd2 h5 28. Ra2 Bf6 29. Rd2 Rg7 30. Rd3 Rdg8 31. Rc3 Rh7 32. Rd3 Kg7 33. Kf1 Kf8 34. Nxd6 cxd6 35. Ke2 Qd7 1/2-1/2

[Event "HUN-chT2 Toth 0506"]
[Site "Hungary"]
[Date "2006.04.09"]
[Round "10"]
[White "Solymosi, Ferenc"]
[Black "Katona, Jozsef"]
[Result "1/2-1/2"]
[WhiteElo "2009"]
[BlackElo "2065"]
[PlyCount "42"]
[EventDate "2005.10.16"]
[EventType "team"]
[EventRounds "11"]
[EventCountry "HUN"]
[SourceTitle "EXT 2009"]
[Source "ChessBase"]
[SourceDate "2008.11.26"]
[SourceVersion "1"]
[SourceVersionDate "2008.11.26"]
[SourceQuality "1"]
[WhiteTeam "GyD"]
[BlackTeam "Oroshaza"]
[WhiteTeamCountry "HUN"]
[BlackTeamCountry "HUN"]

1. Nf3 Nf6 2. c4 c5 3. g3 g6 4. Bg2 Bg7 5. 0-0 0-0 6. Nc3 Nc6 7. d3 d6 8. e4 e5 9. Bg5 h6 10. Bd2 Be6 11. Nd5 Kh7 12. Nh4 Qd7 13. f4 Bg4 14. Nf3 Nxd5 15. cxd5 Nd4 16. Bc3 Nxf3+ 17. Bxf3 Bxf3 18. Qxf3 exf4 19. gxf4 Bxc3 20. bxc3 Rad8 21. c4 f6 1/2-1/2

[Event "HUN-chT2 Toth 0506"]
[Site "Hungary"]
[Date "2006.03.19"]
[Round "9"]
[White "Botta, Tibor"]
[Black "Solymosi, Ferenc"]
[Result "1/2-1/2"]
[WhiteElo "2087"]
[BlackElo "2009"]
[PlyCount "31"]
[EventDate "2005.10.16"]
[EventType "team"]
[EventRounds "11"]
[EventCountry "HUN"]
[SourceTitle "EXT 2009"]
[Source "ChessBase"]
[SourceDate "2008.11.26"]
[SourceVersion "1"]
[SourceVersionDate "2008.11.26"]
[SourceQuality "1"]
[WhiteTeam "Takisz"]
[BlackTeam "GyD"]
[WhiteTeamCountry "HUN"]
[BlackTeamCountry "HUN"]

1. e4 c6 2. d4 d5 3. exd5 cxd5 4. Nf3 Nf6 5. c3 Nc6 6. Be3 Qb6 7. Qb3 Qxb3 8. axb3 a6 9. Bd3 Bg4 10. Nbd2 e6 11. h3 Bh5 12. b4 Rc8 13. b5 axb5 14. Bxb5 Bd6 15. 0-0 0-0 16. Bd3 1/2-1/2

[Event "HUN-chT2 Toth 0506"]
[Site "Hungary"]
[Date "2005.11.13"]
[Round "3"]
[White "Solymosi, Ferenc"]
[Black "Fodor, Istvan2222"]
[Result "1/2-1/2"]
[WhiteElo "2009"]
[BlackElo "2023"]
[PlyCount "85"]
[EventDate "2005.10.16"]
[EventType "team"]
[EventRounds "11"]
[EventCountry "HUN"]
[SourceTitle "EXT 2009"]
[Source "ChessBase"]
[SourceDate "2008.11.26"]
[SourceVersion "1"]
[SourceVersionDate "2008.11.26"]
[SourceQuality "1"]
[WhiteTeam "GyD"]
[BlackTeam "Karcag"]
[WhiteTeamCountry "HUN"]
[BlackTeamCountry "HUN"]

1. d4 Nf6 2. Nf3 d5 3. g3 e6 4. Bg2 c5 5. c3 Nc6 6. 0-0 Be7 7. Nbd2 0-0 8. dxc5 Bxc5 9. b4 Bd6 10. Bb2 e5 11. a3 a6 12. c4 d4 13. h3 h6 14. Qc2 Re8 15. Rad1 g6 16. Nb3 Bf5 17. Qc1 Bf8 18. Nh4 Be6 19. Qc2 Rc8 20. e3 Qe7 21. exd4 Nxd4 22. Nxd4 Rxc4 23. Qe2 exd4 24. Bxd4 Bg7 25. Rfe1 Qc7 26. Qf3 Nh7 27. Bxg7 Kxg7 28. Qxb7 Ng5 29. Qxc7 Rxc7 30. f4 Nh7 31. Re3 Rec8 32. Nf3 Nf6 33. Nd4 Bd5 34. Bxd5 Nxd5 35. Nf5+ gxf5 36. Rxd5 Rc2 37. Rd1 Ra2 38. g4 fxg4 39. hxg4 Rcc2 40. Rg3 Rf2 41. Rf1 Rfb2 42. Rd1 Kg6 43. Re1 1/2-1/2

[Event "HUN-chT2 Toth 0405"]
[Site "Hungary"]
[Date "2005.01.23"]
[Round "6"]
[White "Bartos, Tamas"]
[Black "Solymosi, Ferenc"]
[Result "1-0"]
[WhiteElo "2041"]
[BlackElo "2005"]
[PlyCount "51"]
[EventDate "2004.09.26"]
[EventType "team"]
[EventRounds "11"]
[EventCountry "HUN"]
[SourceTitle "EXT 2009"]
[Source "ChessBase"]
[SourceDate "2008.11.26"]
[SourceVersion "1"]
[SourceVersionDate "2008.11.26"]
[SourceQuality "1"]
[WhiteTeam "Maroczy"]
[BlackTeam "GYDSE"]
[WhiteTeamCountry "HUN"]
[BlackTeamCountry "HUN"]

1. d4 c6 2. Nf3 Nf6 3. c4 g6 4. Nc3 Bg7 5. e4 0-0 6. Be2 d6 7. 0-0 e5 8. Bg5 h6 9. Bh4 Bg4 10. dxe5 dxe5 11. Nxe5 Qxd1 12. Bxd1 Be6 13. f4 Nbd7 14. Nxd7 Nxd7 15. Be2 f5 16. exf5 Bxf5 17. g4 Be6 18. Rad1 Nb6 19. Rd6 Rae8 20. c5 Bxc3 21. cxb6 Bb4 22. Rxe6 Rxe6 23. Bc4 Bc5+ 24. Kg2 Kf7 25. f5 gxf5 26. gxf5 1-0

[Event "HUN-chT2 Toth 0405"]
[Site "Hungary"]
[Date "2004.09.26"]
[Round "1"]
[White "Hajdu, Istvan"]
[Black "Solymosi, Ferenc"]
[Result "1-0"]
[WhiteElo "2179"]
[BlackElo "2005"]
[PlyCount "85"]
[EventDate "2004.09.26"]
[EventType "team"]
[EventRounds "11"]
[EventCountry "HUN"]
[SourceTitle "EXT 2009"]
[Source "ChessBase"]
[SourceDate "2008.11.26"]
[SourceVersion "1"]
[SourceVersionDate "2008.11.26"]
[SourceQuality "1"]
[WhiteTeam "Szentes"]
[BlackTeam "GYDSE"]
[WhiteTeamCountry "HUN"]
[BlackTeamCountry "HUN"]

1. e4 c6 2. d4 d5 3. e5 Bf5 4. Nc3 e6 5. g4 Bg6 6. Nge2 c5 7. h4 h5 8. Nf4 Bh7 9. Nxh5 cxd4 10. Bb5+ Nc6 11. Qxd4 Bxc2 12. Bg5 Qa5 13. Rc1 Bg6 14. Nf4 Be4 15. 0-0 Qxb5 16. Nxb5 Nxd4 17. Nxd4 a6 18. f3 Bh7 19. Ng2 Kd7 20. Be3 Ne7 21. Rc3 Rc8 22. Rxc8 Kxc8 23. f4 Be4 24. h5 Nc6 25. Nb3 Kd7 26. Rc1 Be7 27. Bc5 Bd8 28. Ne3 b6 29. Ba3 g6 30. Nd2 Bd3 31. hxg6 fxg6 32. Kg2 g5 33. f5 Nxe5 34. fxe6+ Kxe6 35. b3 Bb5 36. Nf3 Nxf3 37. Kxf3 Rh3+ 38. Kf2 Bf6 39. Re1 Bd4 40. Bc1 Kd6 41. Kg2 Rh8 42. Nf5+ Kc5 43. Ba3+ 1-0

[Event "HUN-chT2 Toth 0304"]
[Site "Hungary"]
[Date "2004.02.22"]
[Round "8"]
[White "Kiss, Balazs"]
[Black "Solymosi, Ferenc"]
[Result "1-0"]
[WhiteElo "2109"]
[BlackElo "2015"]
[PlyCount "87"]
[EventDate "2003.09.28"]
[EventType "team"]
[EventRounds "11"]
[EventCountry "HUN"]
[SourceTitle "EXT 2009"]
[Source "ChessBase"]
[SourceDate "2008.11.26"]
[SourceVersion "1"]
[SourceVersionDate "2008.11.26"]
[SourceQuality "1"]
[WhiteTeam "Oroshaza"]
[BlackTeam "GYDSE"]
[WhiteTeamCountry "HUN"]
[BlackTeamCountry "HUN"]

1. d4 c6 2. c4 g6 3. Nc3 Nf6 4. e4 d6 5. f4 Bg7 6. Nf3 0-0 7. Bd3 e5 8. dxe5 dxe5 9. Nxe5 Ng4 10. Nf3 Qb6 11. Qe2 Rd8 12. Bc2 Be6 13. Bb3 Na6 14. Na4 Qc7 15. h3 Nf6 16. Ng5 Bf5 17. 0-0 Qe7 18. Re1 Re8 19. c5 Nd5 20. Qc4 h6 21. Bd2 hxg5 22. exf5 Qf6 23. fxg6 fxg6 24. fxg5 Qd4+ 25. Qxd4 Bxd4+ 26. Kh1 Nxc5 27. Nxc5 Bxc5 28. Rxe8+ Rxe8 29. Re1 Rxe1+ 30. Bxe1 Be3 31. h4 Kf7 32. g3 Ke6 33. Kg2 Ke5 34. Kf3 Bd4 35. Bxd5 cxd5 36. b3 Bb2 37. Bd2 Kd4 38. Ke2 Ke4 39. g4 Bd4 40. h5 Bb2 41. h6 a6 42. b4 Ke5 43. Kd3 Ke6 44. Bc3 1-0

[Event "HUN-chT2 Toth 0203"]
[Site "Hungary"]
[Date "2002.09.22"]
[Round "1"]
[White "Toth, Peter"]
[Black "Solymosi, Ferenc"]
[Result "1/2-1/2"]
[WhiteElo "2166"]
[BlackElo "2007"]
[PlyCount "96"]
[EventDate "2002.09.22"]
[EventType "team"]
[EventRounds "11"]
[EventCountry "HUN"]
[SourceTitle "EXT 2009"]
[Source "ChessBase"]
[SourceDate "2008.11.26"]
[SourceVersion "1"]
[SourceVersionDate "2008.11.26"]
[SourceQuality "1"]

1. d4 c6 2. c4 Nf6 3. Nc3 g6 4. e4 d6 5. f3 Bg7 6. Bg5 0-0 7. Qd2 a6 8. a4 Qa5 9. Ra3 e5 10. d5 cxd5 11. cxd5 Nbd7 12. Nh3 Nc5 13. Nf2 Bd7 14. Be2 Rfc8 15. Be3 Qb4 16. Bxc5 Qxc5 17. a5 Rc7 18. Na4 Bxa4 19. Rxa4 Rac8 20. Rc4 Qa7 21. Rxc7 Rxc7 22. 0-0 Qc5 23. b4 Qc2 24. Qxc2 Rxc2 25. Bd3 Rb2 26. Rb1 Rxb1+ 27. Bxb1 Bh6 28. Kf1 Bd2 29. Nd3 Ne8 30. Ke2 Bc3 31. Bc2 f5 32. Ba4 Nf6 33. exf5 gxf5 34. Kd1 Kf8 35. Kc2 Bd4 36. Bb3 Ke7 37. Nc1 Nh5 38. Ne2 Be3 39. Kd3 Ba7 40. Bc2 Nf6 41. Kc4 f4 42. Bf5 Kd8 43. g4 fxg3 44. hxg3 h6 45. g4 Kc7 46. Be6 Be3 47. Ng3 Bf4 48. Ne2 Be3 1/2-1/2

[Event "Miercurea Ciuc Banc Post A1"]
[Site "Miercurea Ciuc"]
[Date "2002.08.30"]
[Round "7"]
[White "Haragos, Kalman"]
[Black "Solymosi, Ferenc"]
[Result "1/2-1/2"]
[WhiteElo "2128"]
[BlackElo "2007"]
[PlyCount "56"]
[EventDate "2002.08.26"]
[EventType "tourn"]
[EventRounds "9"]
[EventCountry "ROU"]
[SourceTitle "CBM 089 Extra"]
[Source "ChessBase"]
[SourceDate "2002.09.10"]
[SourceVersion "2"]
[SourceVersionDate "2002.09.10"]
[SourceQuality "1"]

1. Nf3 c6 2. d4 Nf6 3. Nbd2 d5 4. c4 g6 5. e3 Bg7 6. Bd3 0-0 7. 0-0 Ng4 8. h3 Nh6 9. a3 Bf5 10. Be2 Bc8 11. b4 Nd7 12. Bb2 Nf5 13. Qb3 dxc4 14. Bxc4 Nd6 15. Bd3 Nb6 16. a4 Be6 17. Qc2 Nd5 18. Ba3 f6 19. Nb3 Bf7 20. Na5 Rc8 21. Nc4 Nxc4 22. Bxc4 Qd7 23. Rfd1 Qc7 24. Bf1 Rfd8 25. e4 Nf4 26. g3 Ne6 27. Bb2 Qb6 28. Bc3 Qc7 1/2-1/2

[Event "Miercurea Ciuc Banc Post A1"]
[Site "Miercurea Ciuc"]
[Date "2002.08.29"]
[Round "6"]
[White "Solymosi, Ferenc"]
[Black "Schmidt, Raul"]
[Result "0-1"]
[WhiteElo "2007"]
[BlackElo "2087"]
[PlyCount "126"]
[EventDate "2002.08.26"]
[EventType "tourn"]
[EventRounds "9"]
[EventCountry "ROU"]
[SourceTitle "CBM 089 Extra"]
[Source "ChessBase"]
[SourceDate "2002.09.10"]
[SourceVersion "2"]
[SourceVersionDate "2002.09.10"]
[SourceQuality "1"]

1. d4 Nf6 2. Nf3 d6 3. c4 Bg4 4. Nc3 Nbd7 5. e4 e5 6. Be2 Be7 7. Be3 c6 8. 0-0 0-0 9. Qc2 Qc7 10. Rac1 Rac8 11. d5 Qb8 12. Ne1 Bxe2 13. Qxe2 cxd5 14. cxd5 Bd8 15. f3 Bb6 16. Nc2 Nh5 17. Bxb6 Nxb6 18. Ne3 g6 19. b3 Qc7 20. Qd2 Qe7 21. Rc2 a6 22. Rfc1 Nf6 23. Ne2 Qd7 24. Qb4 Rxc2 25. Rxc2 Na8 26. Nc4 Rc8 27. Rc1 Ne8 28. Nc3 f5 29. Na5 b5 30. Nc6 Nf6 31. Nxb5 Kg7 32. Nxd6 Rc7 33. Rd1 fxe4 34. fxe4 Nxe4 35. Qxe4 Qxd6 36. Qxe5+ Qxe5 37. Nxe5 Nb6 38. d6 Rc8 39. Kf2 Kf6 40. Nc4 Nd7 41. Re1 Rc6 42. Re7 Rxd6 43. Rxh7 Rd4 44. g3 Ke6 45. h4 Rd3 46. h5 Nf6 47. Ra7 gxh5 48. Rxa6+ Ke7 49. Ne5 Ne4+ 50. Kg2 Rxg3+ 51. Kh2 Rg5 52. Nf3 Rc5 53. Nd4 Nd6 54. Kg3 Rd5 55. Nf3 Kd7 56. Kh4 Kc7 57. Ra7+ Kb6 58. Rh7 Ne4 59. Re7 Nc3 60. a3 Nb5 61. a4 Nd6 62. Ne5 Nf5+ 63. Kxh5 Nxe7 0-1